000 00288nam a22001337a 4500
008 170629b xxu||||| |||| 00| 0 eng d
020 _a9780312433093
041 _aeng
080 _23RD
_a02
100 _a22
101 _aGJL
245 _aEASY WRITER
_cLUNSFORD,A,A
942 _2udc
_cBK
999 _c19662
_d19662